000
00215 a2200109 4500
020
_a
9780590463423
041
_a
spa
100
_a
Cole, Joanna
245
_a
En el interior de la Tierra
942
_c
BK
952
_7
4
999
_c
19661
_d
19661